000
00336 a2200157 4500
001
61114
020
_a
9780194379267
040
_c
Anchieta - Pituba
100
_a
Soars, Liz
240
1
0
_a
American headway
_l
Ing
245
1
0
_a
American headway
300
_a
153
362
0
_a
2001
650
4
_a
Inglês e inglês antigo
942
_c
BK
999
_c
61114
_d
61114